Bibliothèque. (Record no. 186606)

MARC details
000 -LEADER
campo de control de longitud fija 00923nam a2200265 i 4500
001 - NÚMERO DE CONTROL
campo de control 186606
003 - IDENTIFICADOR DE NÚMERO DE CONTROL
campo de control SpMaBN
005 - FECHA Y HORA DE LA ÚLTIMA TRANSACCIÓN
campo de control 20250801094943.0
008 - DATOS DE LONGITUD FIJA--INFORMACIÓN GENERAL
campo de control de longitud fija 161207s1962 fr |||| | fre d
080 ## - NÚMERO DE LA CLASIFICACIÓN DECIMAL UNIVERSAL
Número de la Clasificación Decimal Universal 875(082)
080 ## - NÚMERO DE LA CLASIFICACIÓN DECIMAL UNIVERSAL
Número de la Clasificación Decimal Universal 877.3(082)
100 0# - ENTRADA PRINCIPAL--NOMBRE DE PERSONA
Nombre de persona Photius
Títulos y otros términos asociados al nombre Patriarca de Constantinopla.
9 (RLIN) 161406
245 10 - MENCIÓN DEL TÍTULO
Título Bibliothèque.
Número de parte o sección de la obra III /
Mención de responsabilidad, etc. Photius ; texte établi et traduit par René Henry.
260 ## - PUBLICACIÓN, DISTRIBUCIÓN, ETC.
Lugar de publicación, distribución, etc. Paris :
Nombre del editor, distribuidor, etc. "Les Belles Lettres",
Fecha de publicación, distribución, etc. 1962.
300 ## - DESCRIPCIÓN FÍSICA
Extensión 1 v. ;
Dimensiones 20 cm.
490 1# - MENCIÓN DE SERIE
Mención de serie Collection byzantine
505 8# - NOTA DE CONTENIDO CON FORMATO
Nota de contenido con formato Contiene: t. III ;
Título ("Codices" 186-222)
594 ## - Nota al título y mención de responsabilidad
Nota al título y mención de responsabilidad Texto paralelo en francés y griego.
650 #7 - PUNTO DE ACCESO ADICIONAL DE MATERIA--TÉRMINO DE MATERIA
Término de materia o nombre geográfico como elemento de entrada Literatura griega
Fuente del encabezamiento o término embne
9 (RLIN) 14597
650 #7 - PUNTO DE ACCESO ADICIONAL DE MATERIA--TÉRMINO DE MATERIA
Término de materia o nombre geográfico como elemento de entrada Literatura bizantina
Fuente del encabezamiento o término embne
9 (RLIN) 161407
700 1# - ENTRADA AGREGADA--NOMBRE PERSONAL
Nombre de persona Henry, René.
9 (RLIN) 62604
830 0# - PUNTO DE ACCESO ADICIONAL DE SERIE-TÍTULO UNIFORME
Título uniforme Collection byzantine
9 (RLIN) 225441
852 ## - LOCALIZACIÓN
Ubicación ES-MaACL
Número de control de estantería L-30990
Nota libre . - Biblioteca Jacinto Martínez Lacalle
Holdings
Estatus retirado Estado de pérdida Estado de daño No para préstamo Biblioteca de origen Biblioteca actual Ubicación en estantería Fecha de adquisición Fuente de adquisición Total de préstamos Signatura topográfica completa Código de barras Visto por última vez Precio de reemplazo Tipo de ítem Koha
        Biblioteca del Ateneo de Madrid Biblioteca del Ateneo de Madrid Depósito 2 07/12/2016     L-30990 1196786 23/02/2023 23/02/2023 Libro impreso